O`Keefe v SoS Environment and Isle of Wight CC (Record no. 18628)

MARC details
000 -LEADER
fixed length control field 01583cab a2200217 4500
001 - CONTROL NUMBER
control field X2980
008 - FIXED-LENGTH DATA ELEMENTS--GENERAL INFORMATION
fixed length control field 090401t1996 xxu||||| |||| 00| 0 eng d
035 ## - SYSTEM CONTROL NUMBER
System control number (Sirsi) u27664
041 ## - LANGUAGE CODE
Language code of text/sound track or separate title eng
245 ## - TITLE STATEMENT
Title O`Keefe v SoS Environment and Isle of Wight CC
260 ## - PUBLICATION, DISTRIBUTION, ETC.
Date of publication, distribution, etc. 1996
350 ## - PRICE (NR) (BK AM CF MU VM SE) [OBSOLETE]
Price 0
490 ## - SERIES STATEMENT
Series statement Journal of Planning and Environment Law
Volume/sequential designation 1996 JPL 42-60(19)
520 ## - SUMMARY, ETC.
Summary, etc. QBD 24 June 1994. Definitive map - modification order - ss53-54 Wildlife and Countryside Act 1981 - Sch 15 requirements - owners of land objected to Order - proposed public inquiry - objection withdrawn - decision on confirmation of Order by SoS - judicial review of confirmation - power of SoS to confirm following withdrawal of formal objection - no inquiry held - objection withdrawn to enable confirmation of Order for judicial review proceedings - no prejudice to applicants - requirement for definitive map and statement - what constituted the statement-record records -no particular form stipulated for the statement - specified event under s53 - procedures adopted in making the Order -analysis of evidence of intention-consideration of meaning of use "as of right" proof of dedication-user as of light meant user which was not only nec vi clam, nec precario but was in the honest belief in a legal right to use-Council had correctly considered all the evidence and were not misdirected-app
650 ## - SUBJECT ADDED ENTRY--TOPICAL TERM
Topical term or geographic name entry element DEFINITIVE MAP
650 ## - SUBJECT ADDED ENTRY--TOPICAL TERM
Topical term or geographic name entry element MODIFICATION ORDERS
650 ## - SUBJECT ADDED ENTRY--TOPICAL TERM
Topical term or geographic name entry element WILDLIFE AND OCUNTRYSIDE ACT 1981
690 ## - LOCAL SUBJECT ADDED ENTRY--TOPICAL TERM (OCLC, RLIN)
Topical term or geographic name as entry element PLANNING LAW AND PRACTICE-CASE LAW
942 ## - ADDED ENTRY ELEMENTS (KOHA)
Suppress in OPAC 0
948 ## - LOCAL PROCESSING INFORMATION (OCLC); SERIES PART DESIGNATOR (RLIN)
c (OCLC) 04/03/1997
Holdings
Withdrawn status Lost status Source of classification or shelving scheme Damaged status Not for loan Home library Current library Shelving location Date acquired Total Checkouts Full call number Barcode Date last seen Copy number Price effective from Koha item type
    Dewey Decimal Classification     London London Journal article 14/09/1999   X2980 27664-1001 06/08/2019 1 06/08/2019 Law report